| 000 | 00521nam a2200217 a 4500 | ||
|---|---|---|---|
| 003 | AR-BaBNM | ||
| 005 | 20251128203340.0 | ||
| 008 | 082120s2002 ||||||||||||||000 | spa|| | ||
| 020 | _a950-9065-81-0 | ||
| 040 | _cAR-BaBNM | ||
| 100 | 1 | _aMartínez de Navarrete, Alonso | |
| 245 | 0 | 0 | _aDiccionario jurídico básico |
| 260 |
_aBuenos Aires _bHeliasta _c1991 |
||
| 300 | _a468 p. | ||
| 650 | 4 | _aDICCIONARIOS | |
| 650 | 4 | _aDERECHO | |
| 650 | 4 | _aLEGISLACION | |
| 655 | _aREFERENCIA | ||
| 942 | _cBK | ||
| 998 | _claura | ||
| 999 |
_c3002 _d3002 |
||